| 000 | 00807nam a22002537a 4500 | ||
|---|---|---|---|
| 005 | 20170124110034.0 | ||
| 010 | _aB-082340 | ||
| 020 |
_a8120309766 _c250.00 |
||
| 035 | _aB-082340 | ||
| 037 | _bCen Lib/Ret | ||
| 040 |
_aDPL _bEN |
||
| 082 |
_a332.6 _bFIS |
||
| 100 |
_aFischer, Donald E. _9102493 |
||
| 245 |
_aSecurity analysis and protfolio management / _cby Dobnald E. Fischer [and] Ronlad J. Jordon |
||
| 250 | _a6th ed | ||
| 260 |
_aNew Delhi _bPrentice Hall Of India Private Limited _c2003 |
||
| 270 |
_aM-97, Connaught Circus _bNew Delhi _e110001 |
||
| 300 |
_axi,691p. : _c24cm(Hb) _bill. |
||
| 500 | _aIncludes index. | ||
| 650 |
_aEconomics _9102494 |
||
| 650 |
_aFinancial economics _91790 |
||
| 700 |
_a Jordon, Ronlad J. _922396 |
||
| 942 |
_2ddc _cEN _h332.6 _mFIS |
||
| 999 |
_c128098 _d128098 |
||